A posztreferenciális olvasatélvezet

Bibliographic Details
Main Author: Németh, Zoltán, 1970- (Author)
Other Authors: Lukács, Zsolt (Illustrator)
Format: Article
Language:Slovak
Hungarian
PhysicalDescription:Obr.
ISSN:1335-1826
Subjects:

MARC

LEADER 00000nab a2200000 a 4500
001 vtls000738994
003 SK-MaSNL
005 20260304105551.0
008 250429c2000 xo 0 slo
015 |a SNBRB2000/11-28915 
035 |a CLN000090854 
035 |a urn:nbn:sk:snk-abkje 
035 |a (urnnbn)urn:nbn:sk:snk:ar-003djq 
035 |a (uuid)d83a84ce-1ab7-4905-9ca1-0b072f440053 
040 |a SNKBUCL  |b slo  |c SNKBUCL  |e AACR2 
041 0 |a hun 
044 |a xo  |c SK 
080 |a 82.033:894.511 (437.6)-3  |2 1997 
080 |a 894.511 (437.6)-3.033  |2 1997 
100 1 |a Németh, Zoltán,  |d 1970-  |4 aut  |9 102330 
245 1 0 |a A posztreferenciális olvasatélvezet  |c Németh Zoltán ; illusztrálta Lukács Zsolt 
300 |b Obr. 
504 |a Bibliogr. odkazy 
600 1 7 |a Talamon, Alfonz,  |d 1966-1996  |t Samuel Borkopf: Barátaimnak, egy Trianon előtti kocsmából  |2 snkbucl  |9 893428 
655 7 |a články z novín a časopisov  |2 snkbucl  |9 267496 
700 1 |a Lukács, Zsolt  |4 ill  |9 9515 
773 0 |t Kalligram  |g Č. 10 (2000), s. 59-64  |x 1335-1826 
850 |a Slovenská národná knižnica 
852 |a Slovenská národná knižnica 
958 |a article27 
958 |a OND 
958 |a HU 
958 |a SK 
958 |a NB 
958 |a LX 
992 |a RBX 
999 |c 2856185  |d 2858115